[Event "19th Spring Fest"]
[Site "Budapest HUN"]
[Date "2003.03.21"]
[Round "8"]
[White "Szamoskozi,G"]
[Black "Nagy,Z"]
[Result "1-0"]
[WhiteElo "2201"]
[BlackElo "2266"]

1.e4 c5 2.Nf3 d6 3.d4 cxd4 4.Nxd4 Nf6 5.Nc3 a6 6.Be3 e5 7.Nb3 Be6 8.f3 Nbd7
9.Qd2 Be7 10.O-O-O b5 11.Qf2 b4 12.Na4 d5 13.Nac5 Nxc5 14.Bxc5 O-O 15.Bxe7 Qxe7
16.Qc5 Qxc5 17.Nxc5 a5 18.exd5 Nxd5 19.Nxe6 fxe6 20.Bc4 Rad8 21.Rhe1 Rf5
22.Re2 Kf7 23.Red2 Rh5 24.h3 Rh4 25.Bxd5 exd5 26.Rxd5 Rxd5 27.Rxd5 Ke6 28.Rxa5 e4
29.fxe4 Rxe4 30.Kd2 Rf4 31.Rg5 g6 32.a4 bxa3 33.bxa3 Rc4 34.Rg3 Kf5 35.Kc1 g5
36.Kb2 h5 37.Kb3 Rc8 38.c4 g4 39.hxg4+ hxg4 40.Rc3 Rb8+ 41.Kc2 Ke5 42.c5 Rc8
43.c6 Rc7 44.g3 Kd6 45.Kb3 Ke7 46.Kb4 Kd8 47.Kb5 Rf7 48.Kc5 Kc7 49.Kd4 Rf1
50.Ke4 Rf2 51.a4 Ra2 52.Rc4 Rf2 53.Ke5 Rf3 54.Rxg4 Kxc6 55.Ke4 Ra3 56.Kf5 Kd7
57.Rd4+ Ke7 58.g4 Ra1 59.Kg6 Ke6 60.g5 Ra2  1-0

[Event "TCh-BEL 2002-3"]
[Site "Belgium BEL"]
[Date "2003.03.23"]
[Round "11"]
[White "Hommeles,T"]
[Black "Gommers,R"]
[Result "1/2-1/2"]
[WhiteElo "2390"]
[BlackElo "2342"]

1.e4 c5 2.Nf3 d6 3.d4 cxd4 4.Nxd4 Nf6 5.Nc3 a6 6.Be3 Ng4 7.Bg5 h6 8.Bh4 g5
9.Bg3 Bg7 10.Qd2 Nc6 11.Nb3 Be6 12.h4 gxh4 13.Rxh4 h5 14.Qg5 Bxc3+ 15.bxc3 Nf6
16.Qe3 Qc7 17.Be2 Ne5 18.f4 Ng6 19.Rh1 h4 20.f5 Nxe4 21.Bxd6 Nxd6 22.fxe6 fxe6
23.O-O-O e5 24.Qg5 Nf4 25.Bg4 Nf7 26.Qg7 e6 27.g3 Ke7 28.Rxh4 Rag8 29.Qxh8 Rxh8
30.Rxh8 Nxh8 31.gxf4 exf4 32.Nd4 e5 33.Nf5+ Kf6 34.Nd6 Qa5 35.Ne4+ Ke7 36.Rd7+ Kf8
37.Ng5 Qa3+ 38.Kd2 Qxa2 39.Nh7+ Ke8 40.Nf6+ Kf8 41.Nh7+  1/2-1/2

[Event "TSGM March"]
[Site "Subotica YUG"]
[Date "2003.03.25"]
[Round "3"]
[White "Brkic,A"]
[Black "Sedlak,N"]
[Result "1/2-1/2"]
[WhiteElo "2402"]
[BlackElo "2506"]

1.e4 c5 2.Nf3 d6 3.d4 cxd4 4.Nxd4 Nf6 5.Nc3 a6 6.Be3 e5 7.Nb3 Be6 8.f3 Be7
9.Qd2 O-O 10.O-O-O Qc7 11.Kb1 Rc8 12.g4 Nbd7 13.g5 Nh5 14.Nd5 Bxd5 15.exd5 g6
16.Rg1 Bf8 17.Bh3 Bg7 18.Bg4 Nf4 19.c4 Re8 20.Qc2 a5 21.Nd2 Ne2 22.Rge1 Nd4
23.Bxd4 exd4 24.Rxe8+ Rxe8 25.Qa4 Re7 26.Bxd7 Rxd7 27.Ne4 Rd8 28.Re1 d3 29.Qb3 a4
30.Qxd3 a3 31.Nf6+ Bxf6 32.gxf6 axb2 33.Re7 Qc8 34.Qe4 Rf8 35.Kxb2 Qc5 36.Re8 Qb4+
37.Kc1 Qc3+ 38.Kb1 Qxf6 39.Rxf8+ Kxf8 40.Kc2 Qa1 41.Kb3 Qd1+ 42.Ka3 Qd2 43.h4 h5
44.Kb3 b6 45.Ka3 g5 46.hxg5 Qxg5 47.Ka4 h4 48.Qh7 Qg3 49.Kb5 h3 50.Kc6 Ke7
51.Qh8 h2 52.Kc7 f5 53.Qh7+ Kf6 54.Qh6+ Kf7 55.Qh7+ Kf8 56.Qh8+  1/2-1/2

[Event "OSS IM"]
[Site "Oslo NOR"]
[Date "2003.04.06"]
[Round "7"]
[White "Trygstad,K"]
[Black "Kristensen,Bj"]
[Result "1-0"]
[WhiteElo "2320"]
[BlackElo "2397"]

1.e4 c5 2.Nf3 d6 3.d4 cxd4 4.Nxd4 Nf6 5.Nc3 a6 6.Be3 Ng4 7.Bg5 h6 8.Bc1 Nc6
9.Nb3 Bd7 10.Be2 Nf6 11.f4 e6 12.O-O Be7 13.Kh1 Qc7 14.Qe1 b5 15.Bf3 g5 16.e5 dxe5
17.fxe5 Nxe5 18.Bxa8 Neg4 19.Qg3 Bd6 20.Qh3 Rg8 21.Ne4 Nxe4 22.Qxg4  1-0

[Event "Schwarzwald Open"]
[Site "Bad Wildbad GER"]
[Date "2003.04.08"]
[Round "4"]
[White "Toenniges,T"]
[Black "Kubacsny,V"]
[Result "0-1"]
[WhiteElo "2128"]
[BlackElo "2188"]

1.e4 c5 2.Nf3 d6 3.d4 cxd4 4.Nxd4 Nf6 5.Nc3 a6 6.Be3 b5 7.Bd3 Bb7 8.f3 Nbd7
9.O-O e6 10.Qe1 Ne5 11.Rd1 Qc7 12.Kh1 Rc8 13.Qf2 Be7 14.Nb3 Nfd7 15.h3 h5
16.f4 Nc4 17.Bxc4 Qxc4 18.Na5 Qc7 19.Nxb7 Qxb7 20.f5 Ne5 21.fxe6 fxe6 22.Bd4 Bf6
23.a3 O-O 24.Qe2 h4 25.Bxe5 Bxe5 26.Qg4 Qe7 27.Kg1 Rc4 28.Rxf8+ Kxf8 29.Qg6 Qf6
30.Qh7 Qf4 31.Ne2 Qe3+ 32.Kh1 Qxe2 33.Qh8+ Ke7 34.Qxh4+ Bf6  0-1

[Event "ch-POLJ u20 w"]
[Site "Jarnoltowek POL"]
[Date "2003.04.11"]
[Round "7"]
[White "Toma,K"]
[Black "Czarnota,D"]
[Result "1-0"]
[WhiteElo "2189"]
[BlackElo "2191"]

1.e4 c5 2.Nc3 d6 3.Nf3 Nf6 4.d4 cxd4 5.Nxd4 a6 6.Be3 e6 7.Qd2 b5 8.f3 Nbd7
9.O-O-O Nb6 10.Bd3 Bb7 11.Qf2 Nfd7 12.f4 Rc8 13.f5 e5 14.Ne6 fxe6 15.fxe6 Nf6
16.Bxb6 Qe7 17.Nd5 Qxe6 18.Nc7+ Rxc7 19.Bxc7 Be7 20.Qb6 Bc8 21.Kb1 O-O 22.c3 Nd7
23.Qe3 Bb7 24.Bc2 Kh8 25.h3 Rc8 26.Ba5 Nc5 27.Bb4 Nd7 28.Qd3 Nf6 29.Rhe1 Nh5
30.Qf3 Nf4 31.h4 Qg6 32.g3 Nh5 33.Qf5 Rd8 34.Qxg6 hxg6 35.Rf1 Kg8 36.Bb3+ Kh7
37.Bc2 Kg8 38.Rf3 Nf6 39.Re3 Kf8 40.Re2 Ke8 41.a4 Kd7 42.axb5 axb5 43.Bd3 Bc6
44.b3 Rb8 45.Rdd2 Bd8 46.Ra2 Bb6 47.Kc2 Ng4 48.Ra1 Rf8 49.Kd2 Nf2 50.Ra6 Nxd3
51.Rxb6 Nf2 52.Ke3 Ng4+ 53.Kd2 Ra8 54.c4 Ra2+ 55.Kd3 bxc4+ 56.bxc4 Nf2+ 57.Ke3 Ng4+
58.Kf3 Nh2+ 59.Kf2 Ng4+ 60.Kf1 Ra1+ 61.Be1 Ra4 62.Rb4 Ra3 63.Kg1 Kc7 64.Bf2 Ra1+
65.Kg2 Bxe4+ 66.Rxe4  1-0

[Event "IM"]
[Site "Deizisau GER"]
[Date "2003.04.13"]
[Round "3"]
[White "Baramidze,D"]
[Black "Jens,J"]
[Result "0-1"]
[WhiteElo "2440"]
[BlackElo "2375"]

1.e4 c5 2.Nf3 d6 3.d4 cxd4 4.Nxd4 Nf6 5.Nc3 a6 6.Be3 e6 7.f3 b5 8.g4 h6 9.Qd2 Nbd7
10.O-O-O Bb7 11.h4 b4 12.Na4 Qa5 13.b3 g6 14.a3 Qc7 15.Bh3 bxa3 16.g5 hxg5
17.hxg5 Nh5 18.Bg4 Nc5 19.Nxc5 dxc5 20.Ne2 Bg7 21.Kb1 a2+ 22.Kxa2 a5 23.Nc3 a4
24.Nxa4 Bc6 25.Ka3 Bxa4 26.bxa4 Rxa4+ 27.Kxa4 Qc6+ 28.Ka3 Qa6+ 29.Kb3 Qb5+
30.Ka3 O-O  0-1

[Event "XXXIV Open"]
[Site "Mar del Plata ARG"]
[Date "2003.04.13"]
[Round "3"]
[White "Lujan,C"]
[Black "Lafuente,P"]
[Result "1/2-1/2"]
[WhiteElo "2263"]
[BlackElo "2431"]

1.e4 c5 2.Nf3 d6 3.d4 cxd4 4.Nxd4 Nf6 5.Nc3 a6 6.Be3 e5 7.Nb3 Be6 8.f3 Nbd7
9.Nd5 Nxd5 10.exd5 Bf5 11.Bd3 Bxd3 12.Qxd3 Be7 13.O-O O-O 14.a4 Rc8 15.a5 Bg5
16.Rfc1 Bxe3+ 17.Qxe3 Qh4 18.Nd2 f5 19.c4 e4 20.fxe4 fxe4 21.Rf1 Rfe8 22.Rf4 Qh6
23.Re1 Nc5 24.Nxe4 Nd3 25.Rg4 Qxe3+ 26.Rxe3 Rxc4 27.Rxd3 Rexe4 28.Rxe4 Rxe4
29.Rb3 Ra4 30.Rxb7  1/2-1/2

[Event "34th Norwegian Open"]
[Site "Oslo NOR"]
[Date "2003.04.13"]
[Round "2"]
[White "Andersen,A"]
[Black "Hersvik,A"]
[Result "1-0"]
[WhiteElo "2165"]
[BlackElo "2007"]

1.e4 c5 2.Nf3 d6 3.d4 cxd4 4.Nxd4 Nf6 5.Nc3 a6 6.Be3 Qc7 7.f3 Nbd7 8.Qd2 e6
9.O-O-O Be7 10.Qf2 O-O 11.Kb1 b5 12.g4 Ne5 13.Bc1 b4 14.Nce2 Bb7 15.Ng3 Nfd7
16.g5 Nc5 17.Bg2 Nc4 18.f4 Rac8 19.f5 e5 20.f6 exd4 21.fxe7 Qxe7 22.Qxd4 Ne6
23.Nf5 Qc7 24.Qf2 a5 25.Rd3 Nc5 26.Rh3 Na4 27.Ka1 Na3 28.bxa3 Qxc2 29.Ne7+ Kh8
30.Rxh7+  1-0

[Event "6th St Quentin Open"]
[Site "Elancourt FRA"]
[Date "2003.04.15"]
[Round "5"]
[White "Schoch,T"]
[Black "Draoui,N"]
[Result "0-1"]
[WhiteElo "2088"]
[BlackElo "2278"]

1.e4 c5 2.Nf3 d6 3.d4 cxd4 4.Nxd4 Nf6 5.Nc3 a6 6.Be3 e5 7.Nb3 Be7 8.f3 Be6
9.Qd2 Nbd7 10.O-O-O b5 11.g4 Nb6 12.Kb1 O-O 13.h4 Qc7 14.Bxb6 Qxb6 15.Nd5 Bxd5
16.exd5 a5 17.Nc1 b4 18.h5 h6 19.g5 hxg5 20.Bh3 Kh8 21.Ne2 Ng8 22.Ng3 Nh6
23.Ne4 b3 24.cxb3 a4 25.Nxg5 a3 26.bxa3 Rxa3 27.Ne4 Rfa8 28.Nc3 Bf6 29.Rh2 e4
30.fxe4 Be5 31.Rg2 Rxb3+ 32.axb3 Qxb3+ 33.Qb2 Ra1+ 34.Kxa1 Bxc3 35.Rdd2 Bxb2+
36.Rxb2 Qa3+ 37.Kb1 Qxh3 38.e5 Qd3+ 39.Rgc2 dxe5  0-1

[Event "Asian Teams w"]
[Site "Jodhpur IND"]
[Date "2003.04.15"]
[Round "9"]
[White "Sergeeva,M"]
[Black "Mohota,N"]
[Result "1-0"]
[WhiteElo "2340"]
[BlackElo "2277"]

1.e4 c5 2.Nf3 d6 3.d4 cxd4 4.Nxd4 Nf6 5.Nc3 a6 6.Be3 e5 7.Nb3 Be6 8.f3 h5
9.Qd2 Nbd7 10.O-O-O Rc8 11.Nd5 Nxd5 12.exd5 Bf5 13.Bd3 Bxd3 14.Qxd3 Be7 15.Kb1 Bg5
16.Bf2 O-O 17.h4 Bf4 18.g3 Bh6 19.g4 Bf4 20.gxh5 Nf6 21.Rdg1 Qd7 22.Nd2 Nxh5
23.Nc4 Qe7 24.Nb6 Rc7 25.Qf5 Nf6 26.h5 Nh7 27.Bh4 f6 28.Rg6 Bh6 29.Bf2 Kh8
30.Re1 Qe8 31.c4 Qd8 32.Rd1 Re8 33.c5 Nf8 34.cxd6 Qxd6 35.Rg4 Bf4 36.Qd3 Nd7
37.Qg6 Re7 38.h6 Nf8 39.hxg7+ Rxg7 40.Qh5+ Kg8 41.Nc8 Qd8 42.Nb6 Rxg4 43.Qxg4+ Rg7
44.Qf5 Rg5 45.Qc2 Nd7 46.d6 Nxb6 47.Qb3+ Kf8 48.Qxb6 Qd7 49.Be3 Bxe3 50.Qxe3 Rg7
51.Qe4 Ke8 52.a3 Qe6 53.f4 Kd8 54.fxe5 Qxe5 55.Qh4 Qf5+ 56.Ka1 Kd7 57.Qh1 Qb5
58.Qh8 Rf7 59.Qb8 Ke6 60.d7 Rxd7 61.Qe8+ Re7 62.Re1+ Qe5 63.Rxe5+ fxe5 64.Qg6+ Kd7
65.Qe4 Kd6 66.Kb1 Ke6 67.Kc2 Rd7 68.Kc3 b5 69.Qg6+ Kd5 70.Qxa6 Rc7+ 71.Kd3 e4+
72.Ke3 Rc5 73.Qb7+  1-0

[Event "XXXIV Open"]
[Site "Mar del Plata ARG"]
[Date "2003.04.15"]
[Round "5"]
[White "Kanefsck,G"]
[Black "Lafuente,P"]
[Result "1-0"]
[WhiteElo "2388"]
[BlackElo "2431"]

1.e4 c5 2.Nf3 d6 3.d4 cxd4 4.Nxd4 Nf6 5.Nc3 a6 6.Be3 e5 7.Nb3 Be6 8.Be2 Nbd7
9.O-O Rc8 10.Kh1 h5 11.Bg5 Be7 12.Nd5 Nxd5 13.exd5 Bf5 14.Bxe7 Qxe7 15.c4 h4
16.Rc1 Rh6 17.Qd2 Rg6 18.Qe3 Kf8 19.Rce1 Re8 20.Nd2 a5 21.b3 Kg8 22.Nf3 Nc5
23.a3 a4 24.b4 Nb3 25.h3 e4 26.Nd2 Qg5 27.Qxg5 Rxg5 28.Nxb3 axb3 29.Rb1 e3
30.Rxb3 Be4 31.f3 Bf5 32.c5  1-0

[Event "FSGM April"]
[Site "Budapest HUN"]
[Date "2003.04.17"]
[Round "13"]
[White "Jakab,A"]
[Black "Dub,Z"]
[Result "1/2-1/2"]
[WhiteElo "2388"]
[BlackElo "2358"]

1.e4 c5 2.Nf3 d6 3.d4 cxd4 4.Nxd4 Nf6 5.Nc3 a6 6.Be3 e6 7.f3 Be7 8.Qd2 Nbd7
9.O-O-O Qc7 10.g4 Nb6  1/2-1/2

[Event "7th Neckar Open"]
[Site "Deizisau GER"]
[Date "2003.04.20"]
[Round "7"]
[White "Kulaots,K"]
[Black "Baramidze,D"]
[Result "1/2-1/2"]
[WhiteElo "2514"]
[BlackElo "2440"]

1.e4 c5 2.Nf3 d6 3.d4 cxd4 4.Nxd4 Nf6 5.Nc3 a6 6.Be3 e5 7.Nb3 Be6 8.f3 Nc6
9.Nd5 Bxd5 10.exd5 Ne7 11.c4 Nf5 12.Bf2 g6 13.Bd3 Bh6 14.Qe2 O-O 15.O-O Re8
16.Kh1 Qd7 17.Rae1 Nh5 18.Qd1 Nf4 19.Be4 Ne7 20.Be3 Bg7 21.Qd2 Rac8 22.Na5 f5
23.Bb1 Nh5 24.Qb4 f4 25.Bf2 Rb8 26.Ba7 Ra8 27.Bf2 Rab8 28.Ba7 Ra8  1/2-1/2

[Event "5th Open"]
[Site "Dubai UAE"]
[Date "2003.04.20"]
[Round "1"]
[White "Timofeev,Ar"]
[Black "Molina,T"]
[Result "1-0"]
[WhiteElo "2577"]
[BlackElo "2269"]

1.e4 c5 2.Nf3 d6 3.d4 cxd4 4.Nxd4 Nf6 5.Nc3 a6 6.Be3 Ng4 7.Bg5 h6 8.Bh4 g5
9.Bg3 Bg7 10.h3 Ne5 11.f3 Nbc6 12.Bf2 Nxd4 13.Bxd4 Be6 14.Qd2 b5 15.h4 b4
16.Na4 Qa5 17.b3 Rb8 18.a3 Bd7 19.axb4 Qxb4 20.Bc3 Qb7 21.Nb2 Bb5 22.Bxb5+ axb5
23.Nd3 g4 24.Nxe5 Bxe5 25.Bxe5 dxe5 26.O-O-O gxf3 27.gxf3 b4 28.Rhg1 Qa7
29.Kb2 f6 30.Qd5 Qa3+ 31.Kb1 Kf8 32.h5 Ra8 33.Qd8+ Rxd8 34.Rxd8+ Kf7 35.Rxh8 Qa7
36.Rh7+ Kf8 37.Rgg7 Qc5 38.Rxe7 Qxe7 39.Rxe7 Kxe7 40.c3 bxc3  1-0

[Event "Open"]
[Site "Lenk SUI"]
[Date "2003.04.20"]
[Round "6"]
[White "Jenni,F"]
[Black "Gallagher,Jo"]
[Result "0-1"]
[WhiteElo "2516"]
[BlackElo "2515"]

1.e4 c5 2.Nf3 d6 3.d4 cxd4 4.Nxd4 Nf6 5.Nc3 a6 6.Be3 e5 7.Nb3 Be6 8.Qd2 Be7
9.f3 O-O 10.O-O-O Nbd7 11.g4 b5 12.Kb1 b4 13.Nd5 Bxd5 14.exd5 Nb6 15.Bxb6 Qxb6
16.Qe2 Rfc8 17.f4 a5 18.fxe5 dxe5 19.Qxe5 a4 20.Nd4 b3 21.c4 Bd6 22.Qf5 bxa2+
23.Kxa2 Qb4 24.Qd3 Nxg4 25.Nc6 Qb6 26.c5 Qxc5 27.Qd4 Qc2 28.Rd2 Qb3+ 29.Kb1 Qe3
30.Bb5 Re8 31.Rg1 h5 32.h3 Qxh3 33.Bxa4 Qe3 34.b3 Bc5 35.Qxe3 Bxe3 36.Rgd1 Bxd2
37.Rxd2 h4 38.d6 Re1+ 39.Kb2 h3 40.Ne7+ Kf8 41.Rd3 h2 42.Bc6 h1=Q 43.Bxh1 Rxh1
44.Nc6 Rh2+ 45.Kc3 Rc8  0-1

[Event "Commonwealth Ch"]
[Site "Mumbai IND"]
[Date "2003.04.20"]
[Round "1"]
[White "Sandipan,C"]
[Black "Karavade,E"]
[Result "1-0"]
[WhiteElo "2478"]
[BlackElo "2199"]

1.e4 c5 2.Nf3 d6 3.d4 cxd4 4.Nxd4 Nf6 5.Nc3 a6 6.Be3 e5 7.Nb3 Be6 8.f3 Nbd7
9.g4 b5 10.g5 b4 11.Nd5 Nxd5 12.exd5 Bf5 13.Bd3 Bxd3 14.Qxd3 Qc7 15.a3 bxa3
16.Rxa3 Qb7 17.O-O Be7 18.Rfa1 O-O 19.Rxa6 Rxa6 20.Rxa6 Nc5 21.Nxc5 dxc5
22.b3 Rc8 23.Ra4 Rd8 24.c4 g6 25.Kg2 Bd6 26.Ra5 Qc7 27.Rb5 Ra8 28.Qd2 Bf8
29.Qf2 Ra5 30.Rxa5 Qxa5 31.Qd2 Qa6 32.Qb2 Bd6 33.Bf2 Qa5 34.Bg3 Qd8 35.Qa2 e4
36.Bxd6 exf3+ 37.Kxf3 Qxd6 38.Qa8+ Kg7 39.Qc6 Qb8 40.Qxc5 Qxb3+ 41.Kf4 Qd3
42.d6 Qd2+ 43.Qe3 Qc2 44.Qd4+ Kg8 45.d7 Qc1+ 46.Ke5 Qe1+ 47.Kd5 Qa5+ 48.c5 Qa8+
49.c6 Qa2+ 50.Kd6  1-0

[Event "Commonwealth Ch"]
[Site "Mumbai IND"]
[Date "2003.04.20"]
[Round "1"]
[White "Rohit,G"]
[Black "Sandeep,Y"]
[Result "0-1"]
[WhiteElo "2357"]
[BlackElo "2068"]

1.e4 c5 2.Nf3 d6 3.d4 cxd4 4.Nxd4 Nf6 5.Nc3 a6 6.Be3 e5 7.Nb3 Be6 8.f3 Nbd7
9.Qd2 b5 10.O-O-O b4 11.Na4 d5 12.exd5 Nxd5 13.Bc4 Nxe3 14.Qxe3 Bxc4 15.Rxd7 Qxd7
16.Nb6 Qa7 17.Qxe5+ Be6 18.Nxa8 Qxa8 19.Re1 Qd8 20.Rd1 Qb6 21.Nd4 Qc5 22.Qe4 Qc8
23.Nc6 Be7 24.Nxe7 Kxe7 25.Qxb4+ Ke8 26.Qb6 f6 27.Rd6 Kf7 28.Rc6 Qe8 29.b3 Bc8
30.Qc7+ Qe7 31.Qg3 Qe3+ 32.Kb1 Rd8 33.Qc7+ Qe7 34.Qf4 Qe1+ 35.Kb2 Qe5+ 36.Qxe5 fxe5
37.Rc7+ Kf6 38.a4 h5 39.b4 g5 40.Rc4 Kf5 41.b5 axb5 42.axb5 g4 43.b6 Ba6
44.Kb3 gxf3 45.gxf3 Rb8 46.Rc6 Bb7 47.Rh6 Bxf3 48.c4  0-1

[Event "Commonwealth Ch"]
[Site "Mumbai IND"]
[Date "2003.04.24"]
[Round "7"]
[White "Visweswaran,K"]
[Black "Suvrajit,S"]
[Result "1-0"]
[WhiteElo "2328"]
[BlackElo "2391"]

1.e4 c5 2.Nf3 d6 3.d4 cxd4 4.Nxd4 Nf6 5.Nc3 a6 6.Be3 e5 7.Nb3 Be6 8.f3 Nbd7
9.g4 h6 10.Qd2 Be7 11.O-O-O b5 12.Kb1 Nb6 13.Qf2 Nfd7 14.h4 Nc4 15.Bc1 Qc7
16.Nd5 Bxd5 17.exd5 a5 18.Nd2 Ndb6 19.Ne4 a4 20.b3 Qb7 21.bxc4 bxc4 22.Ka1 Rb8
23.Ba3 O-O 24.Qd2 Rfc8 25.c3 Qc7 26.g5 h5 27.Bh3 Rf8 28.Rhg1 g6 29.Rb1 Rb7
30.Rb5 Rfb8 31.Rgb1 Nc8 32.Rxb7 Rxb7 33.Rxb7 Qxb7 34.Bxc8 Qxc8 35.Bxd6 Bxd6
36.Nxd6 Qh3 37.Kb2 Qxf3 38.Nxc4 Qe4 39.Nb6 Kf8 40.Qf2 a3+ 41.Kxa3 Qd3 42.Qc5+ Kg8
43.d6 e4 44.d7 Kh7 45.Qd4  1-0

[Event "Commonwealth Ch"]
[Site "Mumbai IND"]
[Date "2003.04.26"]
[Round "9"]
[White "Sandipan,C"]
[Black "Ghaem Maghami,E"]
[Result "0-1"]
[WhiteElo "2478"]
[BlackElo "2528"]

1.e4 c5 2.Nf3 d6 3.d4 cxd4 4.Nxd4 Nf6 5.Nc3 a6 6.Be3 e5 7.Nb3 Be6 8.f3 Nbd7
9.g4 b5 10.Qd2 h6 11.O-O-O Nb6 12.Qf2 Nfd7 13.Kb1 Rc8 14.Nd5 Bxd5 15.exd5 Nc4
16.Bxc4 bxc4 17.Nd2 c3 18.Ne4 cxb2 19.h4 Be7 20.g5 Rc4 21.gxh6 gxh6 22.Qg2 Nf6
23.Qg7 Rf8 24.Bxh6 Rxe4 25.fxe4 Rg8 26.Qxg8+ Nxg8 27.Bg5 Kf8 28.Rdg1 Qc8
29.Bd2 Qc4 30.h5 Qxe4 31.h6 Nf6 32.Rh3 Ke8 33.Rg8+ Kd7 34.Rg7 Qxd5 35.Bg5 Ke6
36.h7 Nxh7 37.Bxe7 Kxe7 38.Rhxh7 Qe6 39.Rg8 e4 40.Rhh8 Qd7 41.Rh4 d5 42.Kxb2 Qb5+
43.Kc1 Qf1+  0-1

[Event "I Regina Prol"]
[Site "Santos BRA"]
[Date "2003.04.28"]
[Round "9"]
[White "Crosa,M"]
[Black "Frare,F"]
[Result "1-0"]
[WhiteElo "2425"]
[BlackElo "2225"]

1.e4 c5 2.Nf3 d6 3.d4 cxd4 4.Nxd4 Nf6 5.Nc3 a6 6.Be3 e6 7.Qd2 Nbd7 8.O-O-O b5
9.f3 Bb7 10.g4 h6 11.h4 b4 12.Na4 Qa5 13.b3 Nc5 14.a3 Nxa4 15.axb4 Qc7 16.bxa4 d5
17.e5 Nd7 18.f4 Nb6 19.f5 Nc4 20.Qe1 Nxe3 21.Qxe3 Bxb4 22.fxe6 O-O 23.g5 Qa5
24.gxh6 Qxa4 25.Kb1 fxe6 26.hxg7 Rf7 27.Rg1 Qd7 28.Bh3  1-0

[Event "Capablanca Mem Premier I"]
[Site "Havana CUB"]
[Date "2003.05.07"]
[Round "2"]
[White "Perez,Rod"]
[Black "Rodriguez Guerrero,E"]
[Result "1/2-1/2"]
[WhiteElo "2403"]
[BlackElo "2502"]

1.e4 c5 2.Nf3 d6 3.d4 cxd4 4.Nxd4 Nf6 5.Nc3 a6 6.Be3 e5 7.Nb3 Be6 8.f3 Nbd7
9.g4 Nb6 10.g5 Nh5 11.Qd2 Rc8 12.O-O-O Be7 13.Rg1 Qc7 14.Qf2 Nc4 15.Bxc4 Qxc4
16.Nd5  1/2-1/2

[Event "Capablanca Mem Mixto"]
[Site "Havana CUB"]
[Date "2003.05.07"]
[Round "2"]
[White "Ruiz Jimenez,F"]
[Black "Hernandez,T"]
[Result "0-1"]
[WhiteElo "2200"]
[BlackElo "2244"]

1.e4 c5 2.Nf3 d6 3.d4 cxd4 4.Nxd4 Nf6 5.Nc3 a6 6.Be3 e5 7.Nb3 Be7 8.f3 Be6
9.Qd2 d5 10.exd5 Nxd5 11.Nxd5 Qxd5 12.Qxd5 Bxd5 13.O-O-O Be6 14.Nc5 Bc8 15.Bc4 Nc6
16.Rd2 O-O 17.Rhd1 Bxc5 18.Bxc5 Re8 19.Rd6 h6 20.g4 e4 21.Re1 Re5 22.Bd4 Re7
23.Bc3 Kf8 24.f4 Bxg4 25.Rg1 h5 26.h3 Bxh3 27.Bxg7+ Ke8 28.Bf6 Bg4 29.Bxe7 Kxe7
30.Rh6 Rc8 31.Re1 Bf3 32.Bd5 f5 33.Rg1 Bg4 34.Re6+ Kd7 35.Rf6 Nd4 36.Rg2 e3
37.Bxb7 Rd8 38.Bxa6 Ke7 39.Rh6 e2 40.Rg1 Nb5 41.Rh7+ Kf6 42.Rh6+ Kg7 43.Rxg4+ fxg4  0-1

[Event "National I"]
[Site "Clermont-Ferrand FRA"]
[Date "2003.05.08"]
[Round "8"]
[White "Apicella,M"]
[Black "Sarthou,G"]
[Result "1-0"]
[WhiteElo "2501"]
[BlackElo "2375"]

1.e4 c5 2.Nf3 d6 3.d4 cxd4 4.Nxd4 Nf6 5.Nc3 a6 6.Be3 e5 7.Nb3 Be6 8.f3 Nbd7
9.g4 b5 10.g5 b4 11.Na4 Nh5 12.Qd2 Qc7 13.Qxb4 d5 14.Qa5 Qb7 15.Nac5 Bxc5
16.Bxc5 dxe4 17.O-O-O exf3 18.Ba3 f6 19.gxf6 gxf6 20.Nd4 exd4 21.Qxh5+ Bf7
22.Re1+ Kd8 23.Qxf7 f2 24.Be7+ Kc8 25.Qc4+ Qc7 26.Rd1  1-0

[Event "National I"]
[Site "Clermont-Ferrand FRA"]
[Date "2003.05.10"]
[Round "10"]
[White "Bauer,Ch"]
[Black "Armas,Ju"]
[Result "1/2-1/2"]
[WhiteElo "2582"]
[BlackElo "2378"]

1.e4 c5 2.Nf3 d6 3.d4 Nf6 4.Nc3 cxd4 5.Nxd4 a6 6.Be3 e5 7.Nb3 Be6 8.Qd2 Be7
9.f3 Nbd7 10.g4 Qc7 11.g5 Nh5 12.O-O-O b5 13.Nd5 Bxd5 14.exd5 O-O 15.Kb1 Nb6
16.Rg1 Rfc8 17.Na5 Nxd5 18.Qxd5 Qxa5 19.Bh3 Rf8 20.Bg4 Nf4 21.Bxf4 exf4 22.h4 Qc7
23.Rge1 Ra7 24.Re4 Qc5 25.Rxf4 Qxd5 26.Rxd5 g6 27.a4 bxa4 28.Rxa4 f6 29.gxf6 Rxf6
30.h5 Bd8 31.hxg6 hxg6 32.Rb4 Bc7 33.Rd1 Kg7 34.c3 a5 35.Rb5 Rf7 36.Ka2 Ra8
37.Be6 Re7 38.Bc4 Rf8 39.Rg5 Rxf3 40.Rdg1 Rf6 41.Bd3 Ree6 42.Bf5 Bb6 43.R1g3 Be3
44.Rxg6+ Rxg6 45.Bxg6 Kf6 46.Bc2 Re5 47.Rg6+ Ke7 48.Rg7+ Kd8 49.Ba4 Re7 50.Rg4 Kc7
51.Rc4+ Kb7 52.Bc6+ Kb6 53.Bd5 Rc7 54.Re4 Bg5 55.Re8 Rc5 56.Bg2 Bf4 57.Rb8+ Kc7
58.Rb7+ Kc8 59.Ra7 Bc1 60.Kb1 Bf4 61.Kc2 Rg5 62.Bf3 Rc5 63.Bg4+  1/2-1/2

[Event "FSGM May"]
[Site "Budapest HUN"]
[Date "2003.05.13"]
[Round "11"]
[White "Hermansson,E"]
[Black "Szeberenyi,A"]
[Result "1-0"]
[WhiteElo "2396"]
[BlackElo "2401"]

1.e4 c5 2.Nf3 d6 3.d4 cxd4 4.Nxd4 Nf6 5.Nc3 a6 6.Be3 e5 7.Nb3 Be6 8.f3 Nbd7
9.Qd2 b5 10.a4 b4 11.Nd5 Bxd5 12.exd5 Nb6 13.Bxb6 Qxb6 14.a5 Qb7 15.Bc4 Be7
16.Ra4 Rb8 17.Qd3 Ra8 18.Qd2 Rb8 19.Nc1 O-O 20.Na2 Nd7 21.Rxb4 Qc7 22.Rxb8 Rxb8
23.b3 Qc5 24.Nc1 e4 25.fxe4 Bd8 26.Nd3 Qd4 27.Nf2 Qa1+ 28.Ke2 Qa3 29.Nd3 Nf6
30.Kf3 Bxa5 31.Qc1 Qxc1 32.Rxc1 Re8 33.Nf2 Bb6 34.Bxa6 Bxf2 35.Kxf2 Nxe4+
36.Kf1 Nc3 37.Bc4 Re5 38.Ra1 g6 39.Ra5 Kg7 40.g3 Kf6 41.Kf2 Nd1+ 42.Kg1 Re1+
43.Bf1 Ke5 44.Ra1 Kxd5 45.b4 f5 46.c4+ Kd4 47.c5 dxc5 48.b5 Rxf1+ 49.Kxf1 Ne3+
50.Ke1 Nd5 51.Ra6 Nc7 52.Rd6+ Ke5 53.Rc6  1-0

[Event "28th Elekes Mem GM"]
[Site "Budapest HUN"]
[Date "2003.05.20"]
[Round "4"]
[White "Sprenger,J"]
[Black "Danner,G"]
[Result "1/2-1/2"]
[WhiteElo "2431"]
[BlackElo "2377"]

1.e4 c5 2.Nf3 d6 3.d4 cxd4 4.Nxd4 Nf6 5.Nc3 a6 6.Be3 e5 7.Nb3 Be6 8.f3 Be7
9.Qd2 O-O 10.O-O-O Nbd7 11.g4 b5 12.g5 b4 13.Ne2 Ne8 14.h4 a5 15.Kb1 a4 16.Nbc1 Nb6
17.Ng3 b3 18.cxb3 axb3 19.axb3 d5 20.Bxb6 Qxb6 21.exd5 Bb4 22.Qg2 Bd7 23.Ne4 Qa5
24.Bc4  1/2-1/2

[Event "TCh-Serbia & Montenegro"]
[Site "Budva YUG"]
[Date "2003.05.23"]
[Round "6"]
[White "Pikula,D"]
[Black "Solak,D"]
[Result "1-0"]
[WhiteElo "2478"]
[BlackElo "2514"]

1.e4 c5 2.Nf3 d6 3.d4 cxd4 4.Nxd4 Nf6 5.Nc3 a6 6.Be3 e6 7.f3 b5 8.Qd2 Nbd7
9.g4 Nb6 10.Bd3 b4 11.Nce2 d5 12.e5 Nfd7 13.f4 Nc4 14.Qc1 g5 15.Nf3 Bb7 16.Bd4 Be7
17.fxg5 Bc5 18.Qf4 Qc7 19.Bxc5 Qxc5 20.Ned4 Nxb2 21.O-O Qe7 22.Rab1 Nxd3
23.cxd3 O-O 24.Qd2 a5 25.a3 Ba6 26.axb4 axb4 27.Rfc1 Rfc8 28.Nc6 Qf8 29.Qxb4 Bxd3
30.Ne7+ Kg7 31.Nxc8 Bxb1 32.Nd6 Be4 33.Rc7 Rd8 34.Nd4 Rb8 35.Rxd7 Rxb4 36.Nxe6+ Kg8
37.Nxf8 Kxf8 38.Rxf7+ Kg8 39.e6 Bg6 40.Rd7 Rxg4+ 41.Kf2 Rxg5 42.e7 Rh5 43.Kg3 Rg5+
44.Kf4 Rh5 45.Rd8+ Kg7 46.Kg3 Rg5+ 47.Kf3 Rh5 48.e8=Q Bxe8 49.Nxe8+ Kf7 50.Kg3 Ke7
51.Ra8 Rg5+ 52.Kh4 Rg2 53.Kh3 Rg6 54.Nc7 Kd6 55.Nb5+ Kc5 56.Nc3 d4 57.Rc8+ Kb4
58.Nd5+ Kb3 59.Nf4 Rd6 60.Nd3 Rg6 61.Rc7 Rh6+ 62.Kg3 Rg6+ 63.Kf2 Rh6 64.Kg2 Rg6+
65.Kh1 Rh6 66.Nf4 Rf6 67.Ne2 Rd6 68.Nc1+ Ka3 69.Rxh7 Kb2 70.Nd3+ Kc2 71.Rh3 Kd2
72.Rg3 Rc6 73.Kg2  1-0

[Event "CRO-Cup"]
[Site "Rabac CRO"]
[Date "2003.05.27"]
[Round "2"]
[White "Zufic,M"]
[Black "Cvitan,O"]
[Result "0-1"]
[WhiteElo "2429"]
[BlackElo "2551"]

1.e4 c5 2.Nf3 d6 3.d4 cxd4 4.Nxd4 Nf6 5.Nc3 a6 6.Be3 e5 7.Nb3 Be6 8.Qd2 Be7
9.f3 O-O 10.O-O-O Nbd7 11.g4 b5 12.Kb1 Qc7 13.g5 Nh5 14.Qf2 Rfb8 15.Nd5 Bxd5
16.exd5 Nb6 17.Qh4 g6 18.Bc1 Nc4 19.Rg1 a5 20.Bd3 a4 21.Nd2 Nxd2+ 22.Bxd2 a3
23.b3 Nf4 24.Be4 Ne2 25.Qe1 Nxg1 26.Qxg1 b4 27.h4 Ra5 28.h5 Qc5 29.Qh1 Bf8
30.Bc1 Qc7 31.Qh3 Rc5 32.Rh1 Bg7 33.Qf1 Rc8 34.Rh2 Rc3 35.Qb5 Qc5 36.Qd7 Qg1
37.Re2  0-1

[Event "TCh-NOR"]
[Site "Asker NOR"]
[Date "2003.06.01"]
[Round "5"]
[White "Kvisvik,B"]
[Black "Romsdal,T"]
[Result "0-1"]
[WhiteElo "2045"]
[BlackElo "2207"]

1.e4 c5 2.Nf3 d6 3.d4 cxd4 4.Nxd4 Nf6 5.Nc3 a6 6.Be3 e5 7.Nb3 Be6 8.f3 Be7
9.Qd2 Qc7 10.O-O-O b5 11.g4 Nbd7 12.g5 Nh5 13.Nd5 Bxd5 14.exd5 Nb6 15.Na5 O-O
16.Nc6 Nc4 17.Bxc4 bxc4 18.Qe2 f5 19.f4 g6 20.fxe5 dxe5 21.Bb6 Bxg5+ 22.Be3 f4
23.Bd2 c3 24.bxc3 Rae8 25.Qg4 Rf5 26.Rhg1 Ng7 27.c4 Qb6 28.h4 Bf6 29.Bc3 Qe3+
30.Kb2 e4 31.Bxf6 Rxf6 32.Nd4 f3 33.Rge1 Qf4 34.Qxf4 Rxf4 35.Rf1 e3 36.Rxf3 Rxd4
37.Re1 Nf5 38.Kc3 Rc8 39.Rxf5 Rdxc4+  0-1

[Event "Golden Cleopatra"]
[Site "Cairo EGY"]
[Date "2003.06.02"]
[Round "2"]
[White "Frhat,A"]
[Black "Moawad,J"]
[Result "1/2-1/2"]
[WhiteElo "2350"]
[BlackElo "2140"]

1.e4 c5 2.Nf3 d6 3.d4 cxd4 4.Nxd4 Nf6 5.Nc3 a6 6.Be3 e5 7.Nb3 Be6 8.Qd2 Nbd7
9.O-O-O Qc7 10.f3 b5 11.g4 h6 12.Nd5 Bxd5 13.exd5 Rc8 14.Kb1 Nb6 15.Bxb6 Qxb6
16.h4 g6 17.Bh3 Rc7 18.Rhe1 Re7 19.f4 exf4 20.Qxf4 Nd7 21.Nd4 Ne5 22.Nc6 Bg7
23.Nxe7 Kxe7 24.Re2 Rf8 25.g5 h5 26.a4 bxa4 27.Qxa4 Rb8 28.c3 Kf8 29.Rf1 Kg8  1/2-1/2